00546nam a2200193 a 4500001001300000003000900013005001700022008004100039020002300080082001500103100002000118245007100138260004400209300000900253500003500262505001000297650002500307700002000332nice12345678IN_TiNIC20260116011926.0050524s1978 lona grp 000 0 eng  a0193897 c10000a200.1bGRE aGreen, Ronald M aReligious Reasonb the Pational & Moral Basis of Religious Belief. aLondan bOxford University Press c1978 a303p aincludes index and biblioraphy2 aIndex aReligion and Science1 aGreen, Ronald M